000 00519cam a2200229 4500
001 D7279
008 090401t1960 xxu||||| |||| 00| 0 eng d
035 _a(Sirsi) u6439
041 _aeng
050 _a333.332
100 _aMustoe, N.E.
245 _aComplete valuation practice
250 _a5th
260 _aLondon
_bEstates Gazette
_c1960
300 _axxvii. 493p. 22cm
350 _a0
520 _aAnstey,Bryan
700 _aBrian, H.
700 _aAnstey, Eve
942 _n0
948 _c04/03/1997
999 _c86302
_d86302